000 00279nam a2200109Ia 4500
008 200302s9999 xx 000 0 und d
100 _aThe Course Team
245 _aEnvironmental Control and Public Health
260 _bThe Open University Press
260 _c1977
300 _a148 P.,
999 _c470
_d470